All About Glinda - Statistics

General Stats
  • This quiz has been taken 6 times
    5 since last reset
  • The average score is 3 of 6
Answer Stats
Hints Answer % Correct
Her best friend Elphaba
100%
Glinda’s name before she changed it Galinda
100%
Her last name Upland
100%
The subject she wants to master Sorcery
25%
Her middle name Arduenna
0%
Her official name Glinda The Good Witch of The North And South
0%
No matching quizzes found
Score Distribution
Percent of People with Each Score
Percentile by Number Answered
Your Score History
You have not taken this quiz since the last reset